000 00517nam a2200181Ia 4500
001 8145
003 GE_BSU
008 181216s||||||||xx |||||||||||||| ||und||
040 _cGE_BSU
245 _aХимия и жизнь-XXI век.№9.2013.
245 _bЕжемесячный научно-популярный журнал
245 _cгл.ред.Л.Н.Стрельникова.
260 _aМосква
260 _bОфсет Принт М
260 _c2013
300 _a64ст;29см.
942 _cCR
999 _c41478
_d41478